Daňový poriadok 2012
Daňová reforma UNITAS, ktorá znamená zmeny v daňovom procese. Daňový poriadok ako kľúčová norma k daňovému procesu, ktorý rieši všetky základné otázky zdaňovania v SR. Vybrané zákony a doplnenia.
Enregistré dans:
| Auteur principal: | |
|---|---|
| Format: | Chapitre de livre |
| Langue: | slovaque |
| Sujets: | |
| Tags: |
Pas de tags, Soyez le premier à ajouter un tag!
|
MARC
| LEADER | 00000naa a2200000 4500 | ||
|---|---|---|---|
| 001 | 0143563 | ||
| 005 | 20231006124246.0 | ||
| 041 | 0 | |a slo | |
| 044 | |a SK | ||
| 245 | 1 | 0 | |a Daňový poriadok 2012 |c Emil Burák |
| 520 | |a Daňová reforma UNITAS, ktorá znamená zmeny v daňovom procese. Daňový poriadok ako kľúčová norma k daňovému procesu, ktorý rieši všetky základné otázky zdaňovania v SR. Vybrané zákony a doplnenia. | ||
| 610 | 2 | 0 | |a Slovensko |
| 610 | 2 | 0 | |a reformy daňové |
| 610 | 2 | 0 | |a správa daňová |
| 610 | 2 | 0 | |a daňovníci |
| 610 | 2 | 0 | |a povinnosť daňová |
| 610 | 2 | 0 | |a predpisy daňové |
| 610 | 2 | 0 | |a dane |
| 610 | 2 | 0 | |a odvody |
| 610 | 2 | 0 | |a zákony |
| 100 | 1 | |a Burák, Emil | |